00406nam a2200157Ia 4500001000500000005001700005008004100022041000800063082001500071100004100086245006800127260000900195300002800204650000800232654000800240896020260306160648.0260306t2012||||xx |||||||||||||| ||spa|| aESP a372.1bM81 aMolina-García, María JoséeAUT 0aLas prácticas de enseñanza como instrumentos de formación c2012 a332 páginas :c23 cm. aGEN aCED